000 nam a22 7a 4500
999 _c106729
_d106728
005 20210812110904.0
008 210305b ||||| |||| 00| 0 eng d
020 _a9789387788183
080 _a519.213
_bUPP/P
100 _aUppal, Surindar Mohan [et.al]
245 _aProbability distributions of two random variables
260 _aNew Delhi
_bNew age international
_c2018
300 _a441p.
653 _aProbabilities
653 _aRandom variables
653 _aDistribution -- Probability theory
942 _cBK